000 00731nam a22002057a 4500
008 130821s1913 fr gr spa
040 _aCo-BoUCM
_bspa
041 0 0 _aspa
092 _aFN 000004
100 _aLoti, Pierre
_9109773
245 0 4 _aLas desencantadas
_bnovela de los arenes turcos contemporáneos
_cPierre Loti, traducción de Carlos Docteur
260 _aParís (Francia)
_bLibrería de la Vda. de Ch. Bouret
_c1913
300 _a420 páginas
490 _aBiblioteca de Obras Famosas; v.9
500 _aEste libro se encuentra en el depósito de la biblioteca
650 0 4 _aLiteratura francesa
_97794
650 0 4 _aNovela francesa
_920506
700 _aDocteur, Carlos.
_eTr
_9126292
942 _cLIBRO
_a27
_e1
_n0
999 _c85377
_d85377